000 00248nam a2200109Ia 4500
008 220204s9999 xx 000 0 und d
082 _a82-3
_bSMI
100 _aWilbur
245 2 _aA Sparrow falls
260 _aMadras
_bMacmillan
_c1977
942 _cBK
999 _c29391
_d29391